000 01626cam a2200409 i 4500
001 23541375
003 OSt
005 20250702152824.0
008 230808s2024 ii ab b 001 0 eng d
010 _a 2024305079
020 _a9789355946416
_q(hardback)
020 _a9355946414
_q(hardback)
025 _aI-E-2024305079; 68-17
035 _a23541375
035 _a(OCoLC)1415241773
037 _bLibrary of Congress -- New Delhi Overseas Office
040 _aDKAGE
_beng
_erda
_cDKAGE
_dDLC
042 _alccopycat
_alcode
043 _aa-ii---
050 0 0 _aHB1323.I42
_bI4675 2024
082 0 4 _a304.640832
_bKUM/I
100 1 _aSarvottam Kumar,
_eauthor.
245 1 0 _aInfant mortality among primitive tribal groups :
_ba regional analysis of Jharkhand /
_cSarvottam Kumar.
264 1 _aNew Delhi :
_bConcept Publishing Company Pvt. Ltd.,
_c2024.
300 _axxv, 338 pages :
_billustrations (black and white), maps (black and white) ;
_c23 cm
336 _atext
_btxt
_2rdacontent
337 _aunmediated
_bn
_2rdamedia
338 _avolume
_bnc
_2rdacarrier
504 _aIncludes bibliographical references (pages 320-334) and index.
650 0 _aInfants
_xMortality
_zIndia
_zJharkhand.
651 0 _aJharkhand (India)
_xScheduled tribes
_xHealth and hygiene.
651 0 _aJharkhand (India)
_xScheduled tribes
_xEconomic conditions.
651 0 _aJharkhand (India)
_xScheduled tribes
_xSocial conditions.
906 _a7
_bcbc
_ccopycat
_d3
_encip
_f20
_gy-gencatlg
942 _2ddc
_cBK
_h304.640832
_iKUM/I
_k304.640832
_mKUM/I
999 _c44589
_d44589